01433 2200409 4500001002100000005001500021035002000036007000300056008004100059020002200100040002200122082001400144084001600158090002000174090002200194100003100216245028600247250002600533300003600559650001700595700003900612700003700651700002700688700002100715700002500736700001800761700003200779700003100811700002700842850001200869041000800881264003800889336002100927337003000948338002300978990002201001INLIS00000000084641720190424025443 a0010-0419001276ta190424s2018 yoia g eng d a978-602-5610-68-4 aYOPDYOGbinderda04223a174.4 a174.4 WAH b aDEP 174.4 WAH b aCB-D.11 2018-18400 aWahyu Rochmansyahepenulis10aBusiness ethics :bfrom personal experiences and religious values to local wisdom perspective /cpenulis, Wahyu Rochmansyah, I Nyoman Ngurah Widiyatna, Dimas Hardiansyah Hamka, Budi Siswanto, Maryono, Ajrun Karim, Dedy, Yuni Eko Feriyanto, Ide Bagus Hapsara; editor, Choirul Mahfud aCetakan I, April 2018 aix, 92 halaman :bpeta ;c21 cm 4aEtika bisnis0 aI Nyoman Ngurah Widiyatnaepenulis0 aDimas Hardiansyah Hamkaepenulis0 aBudi Siswantoepenulis0 aMaryonoepenulis0 aAjrun Karimepenulis0 aDedyepenulis0 aYuni Eko Feriyantoepenulis0 aIde Bagus Hapsaraepenulis aChoirul Mahfudeeditor aYOPDYOG aeng31aYogyakarta :bSamudra Biru,c2018 2rdacontentateks 2rdamediaatanpa perantara 2rdacarrieravolume aCB-D.11/2018-1840